000 00585nam a2200241Ia 4500
003 OSt
005 20220924152507.0
006 a|||||r|||| 00| 0
007 ta
008 220923b |||||||| |||| 00| 0 mar d
024 _a342745
037 _cTextual
040 _aARTS
_cARTS
_bmar
041 _2mar
_amar
082 _aV1N39, 155L5
100 _aValimbe V.S. Au.
_9226822
245 0 _aDusre Mahyudha
260 _c1974
300 _a295p.
_ccm.
650 _aHISTORY
942 _hV1N39, 155L5
_cTEXL
_2CC
999 _c470023
_d470023